Corporate Information Strategy and Management : The Challenges of Managing in a Network Economy (Record no. 5576)

MARC details
005 - DATE AND TIME OF LATEST TRANSACTION
control field 20250627093441.0
020 ## - INTERNATIONAL STANDARD BOOK NUMBER
International Standard Book Number 0-07-245665-5
082 ## - DEWEY DECIMAL CLASSIFICATION NUMBER
Classification number 648,403 APP
100 ## - MAIN ENTRY--PERSONAL NAME
Author name APPLEGATE, L . M .
245 ## - TITLE STATEMENT
Title Corporate Information Strategy and Management : The Challenges of Managing in a Network Economy
250 ## - EDITION STATEMENT
Edition statement 6th Ed.
260 ## - PUBLICATION, DISTRIBUTION, ETC.
Place of publication, distribution, etc. Boston,
Name of publisher, distributor, etc. McGraw Hill,
Date of publication, distribution, etc. 2003.
300 ## - PHYSICAL DESCRIPTION
Extent x, 307p.: ill.; figure, table,
Other physical details bibliography & index,
Dimensions 23cm.
700 ## - ADDED ENTRY--PERSONAL NAME
Other authors/Editors AUSTIN, R . D . & McFARLAN, F .W .
942 ## - ADDED ENTRY ELEMENTS (KOHA)
Source of classification or shelving scheme Dewey Decimal Classification
Koha item type Books
Holdings
Date last seen Total checkouts Full call number Barcode Cost, replacement price Price effective from Koha item type Lost status Source of classification or shelving scheme Damaged status Not for loan Withdrawn status Home library Current library Shelving location Date acquired Source of acquisition Cost, normal purchase price
06/27/2025   648 403 APP MZA0001454 150000.00 06/27/2025 Books   Dewey Decimal Classification       CBE Mwanza CBE Mwanza General Collection 07/17/2007 Library Budget 50000.00